Innen und Außerhalb Hamburgs - Statistiken

Allgemein
  • Dieses Quiz wurde 269 mal gespielt
  • Das Durchschnittsergebnis liegt bei 17 aus 44
Antwortstatistiken
Hint Antwort % Korrekt
Kreise Landkreis Harburg
91%
Bezirke Harburg
90%
Bezirke Altona
89%
Kreise Kreis Pinneberg
85%
Nachbarstädte Pinneberg
85%
Bezirke Wandsbek
77%
Bezirke Bergedorf
76%
Bezirke Eimsbüttel
76%
Nachbarstädte Norderstedt
76%
Bezirke Hamburg-Mitte
68%
Kreise Landkreis Stade
67%
Bezirke Hamburg-Nord
66%
Nachbarstädte Wedel
55%
Nachbarstädte Ahrensburg
53%
Nachbarstädte Reinbek
51%
Kreise Kreis Segeberg
47%
Kreise Kreis Stormarn
43%
Nachbarstädte Winsen
37%
Nachbarstädte Geesthacht
35%
Nachbarstädte Glinde
34%
Nachbarstädte Schenefeld
32%
Gemeinden Seevetal
32%
Gemeinden Halstenbek
30%
Kreise Kreis Herzogtum Lauenburg
28%
Gemeinden Neu Wulmstorf
25%
Kreise Landkreis Cuxhaven
22%
Gemeinden Rellingen
22%
Nachbarstädte Cuxhaven
21%
Gemeinden Wentorf bei Hamburg
21%
Gemeinden Barsbüttel
19%
Gemeinden Rosengarten
19%
Gemeinden Jork
17%
Gemeinden Bönningstedt
16%
Gemeinden Oststeinbek
16%
Gemeinden Stapelfeld
16%
Gemeinden Tangstedt
16%
Gemeinden Ammersbek
13%
Gemeinden Stelle
13%
Gemeinden Börnsen
9%
Gemeinden Ellerbek
8%
Gemeinden Escheburg
7%
Gemeinden Appen
6%
Gemeinden Drage
5%
Gemeinden Jersbek
4%
Keine übereinstimmenden Quizze gefunden
Verteilung der Resultate
Anzahl Personen mit jedem Resultat
Perzentil nach korrekt beantworteten Fragen
Ihre Resultats-Entwicklung
Sie haben dieses Quiz noch nicht gespielt